Lịch sử kiến trúc qua hình vẽ

Zapisane w:
Opis bibliograficzny
1. autor: Đặng Thái Hoàng
Format: Książka
Język:Undetermined
Wydane: Hà Nội KHKT 1996
Hasła przedmiotowe:
Etykiety: Dodaj etykietę
Nie ma etykietki, Dołącz pierwszą etykiete!
Thư viện lưu trữ: Trung tâm Học liệu Trường Đại học Cần Thơ
LEADER 00538nam a2200193Ia 4500
001 CTU_36811
008 210402s9999 xx 000 0 und d
020 |b 10.000đ 
082 |a 720 
082 |b H407/1996 
100 |a Đặng Thái Hoàng 
245 0 |a Lịch sử kiến trúc qua hình vẽ 
245 0 |c Đặng Thái Hoàng 
260 |a Hà Nội 
260 |b KHKT 
260 |c 1996 
650 |a architecture - history 
904 |i Minh, 000607 
980 |a Trung tâm Học liệu Trường Đại học Cần Thơ